000 00519cam a22001811 4500
001 sa 68000611
003 DLC
005 20260227112425.0
008 710901r1950 ii 00000 eng
010 _asa 68000611 //r89
050 0 _aBL1245.S5
_bK3 1950
100 1 0 _aKatiresu, Subramaniar.
245 1 2 _aA handbook of Saiva religion;
_ba Hindu religion of bakthi, love, and devotion.
250 _aRev. reprint.
260 0 _aMadras,
_bG. A. Natesan
_c[1950]
300 _aiv, 108 p.
_c18 cm.
650 0 _aĹšaivism.
999 _c77328
_d77328